000 01357nam a22003857a 4500
001 53
003 FISKH
005 20230217145044.0
008 230217b cb ||||| |||| 00| 0 eng d
020 _a9781250170972 (hardcover)
020 _z9781250170989 (ebook)
040 _aDLC
_beng
_cDLC
_erda
042 _alcac
_apcc
050 0 0 _aPZ7.1.A24
_bCh 2018
082 0 0 _a823.92
100 1 _aAdeyemi, Tomi,
_eauthor.
245 1 0 _aChildren of blood and bone /
_cTomi Adeyemi.
250 _aFirst edition.
264 1 _aNew York :
_bHenry Holt and Company,
_c[2018]
300 _a531 pages ;
_c22 cm
336 _atext
_btxt
_2rdacontent
337 _aunmediated
_bn
_2rdamedia
338 _avolume
_bnc
_2rdacarrier
500 _aMaps on endpapers.
520 _aSeventeen-year-old Zélie, her older brother Tzain, and rogue princess Amari fight to restore magic to the land and activate a new generation of magi, but they are ruthlessly pursued by the crown prince, who believes the return of magic will mean the end of the monarchy.
521 8 _a670
_bLexile
650 1 _aSiblings
_vFiction.
650 1 _aMagic
_vFiction.
650 1 _aPrejudices
_vFiction.
650 1 _aGovernment, Resistance to
_vFiction.
650 1 _aFantasy.
650 1 _aYouths' writings.
906 _a7
_bcbc
_corignew
_d1
_eecip
_f20
_gy-gencatlg
942 _2lcc
_cBK
_n0
999 _c53
_d53